| 000 | 01015cam a22002294a 4500 | ||
|---|---|---|---|
| 005 | 20250605164121.0 | ||
| 008 | 250528s ||||||||||||||||||||||||d | ||
| 035 | _a18275 | ||
| 020 | _a750608722 | ||
| 040 |
_aGR-AtMCL _bgre _dGR-AtMCL _eAACR2 |
||
| 245 | 1 | _aBusiness Cultures in Europe / Second Edition | |
| 250 | _a2nd | ||
| 260 |
_bButterworth Heinemann, _c1993 |
||
| 300 | _a376 | ||
| 520 | _aThis book examines the background to business practice in Europe of six major countries: Germany, France, Italy, the UK, Spain and the Netherlands. Preface, Acknowledgements, The Business Culture in Germany, Western Germany, Eastern Germany, The Business Culture in France, The Business Culture in Italy, The Business Culture in the United Kingdom, The Business Culture in Spain, The Business Culture in the Netherlands, Conclusion, Index. | ||
| 700 | 1 |
_aBrierley William _94553 |
|
| 700 | 1 |
_aBruton Kevin _94554 |
|
| 700 | 1 |
_aRandlesome Collin _91682 |
|
| 942 | _cBK | ||
| 999 |
_c3643 _d3643 |
||